[Event "Catarinense-ch"]
[Site "Itajai"]
[Date "2023.11.25"]
[Round "4"]
[White "Botelho, Davi Arthur Volpi"]
[Black "Pereira, Manoel Selvino Mora"]
[Result "1-0"]
[WhiteElo "1230"]
[BlackElo "1407"]
[PlyCount "53"]
[EventDate "2023.11.24"]
[EventType "swiss"]
[EventRounds "6"]
[EventCountry "BRA"]
[SourceTitle "CB50_2023"]
[SourceDate "2023.12.13"]
[SourceVersion "1"]
[SourceVersionDate "2023.12.13"]
[SourceQuality "1"]

1. c4 c5 2. Nc3 Nc6 3. g3 g6 4. Bg2 Bg7 5. e4 Nf6 6. Nge2 0-0 7. 0-0 Ne8 8. d3 Nc7 9. Be3 Ne6 10. Qd2 d6 11. Bh6 Ned4 12. Bxg7 Kxg7 13. Nxd4 cxd4 14. Ne2 Qb6 15. h3 e5 16. g4 Qd8 17. Ng3 a5 18. f4 Qh4 19. Qf2 Nb4 20. Nf5+ gxf5 21. Qxh4 Nxd3 22. exf5 Nxf4 23. Rxf4 exf4 24. f6+ Kh8 25. Be4 Bf5 26. Bxf5 h6 27. Qxh6+ 1-0